| 000 | 01580nam a2200349 4500 | ||
|---|---|---|---|
| 001 | 139 | ||
| 003 | OSt | ||
| 005 | 20250528074013.0 | ||
| 008 | 250128b |||||||g |||| 00| 1 eng d | ||
| 040 | _bpor | ||
| 041 |
_heng _apor |
||
| 082 |
_a823 _bC555mi |
||
| 100 | 1 |
_aChristie, Agatha, _d1890-1976 _9268 |
|
| 240 | _aA caribbean mystery | ||
| 245 |
_aMistério no Caribe / _cChristie, Agatha ; Tradução de Carmen Ballot |
||
| 260 |
_aSão Paulo _bNova Cultural _c1987 |
||
| 300 | _a210 p. | ||
| 490 | 1 | _aMiss Marple | |
| 520 | _aEm Mistério no Caribe, Miss Marple surge em um cenário incomum: devido ao reumatismo, seu sobrinho - um romancista de sucesso - insiste para que ela tire férias. O destino escolhido é o Caribe, lugar paradisíaco de clima quente e povo generoso. No entanto, uma vez acomodada no Hotel Palmeira Dourada, rodeada por uma paisagem linda, a poucos passos do mar, e cercada de atenções, Miss Marple entedia-se profundamente. Mas não demora muito, um crime que parecia ser morte natural faz com que Miss Marple inicie uma investigação que só o "jeitinho" da velhinha mais famosa dos livros da Agatha Crhistie poderia ter para desvendar assassinatos. | ||
| 650 | 0 |
_aLiteratura Inglesa _989 |
|
| 650 | 0 |
_aRomance Policial _911 |
|
| 650 | 0 |
_aSuspense _910 |
|
| 650 | 0 |
_aMistério _942 |
|
| 650 | 0 |
_aCrime e Investigação _913 |
|
| 650 | 0 |
_aClássicos _977 |
|
| 650 | 0 |
_aFilme _926 |
|
| 655 | 0 |
_aRomance _923 |
|
| 655 | 0 |
_aFicção _922 |
|
| 700 |
_aCarmen Ballot _eTradutor _9287 |
||
| 830 |
_aMiss Marple _9276 |
||
| 942 |
_2ddc _n0 _cBK |
||
| 999 |
_c139 _d139 |
||